Methods of research in business education / (Record no. 875)

MARC details
000 -LEADER
fixed length control field 00576nam a22001697a 4500
005 - DATE AND TIME OF LATEST TRANSACTION
control field 20230202074545.0
008 - FIXED-LENGTH DATA ELEMENTS--GENERAL INFORMATION
fixed length control field 230202b |||||||| |||| 00| 0 eng d
020 ## - INTERNATIONAL STANDARD BOOK NUMBER
International Standard Book Number 978-971-9654-47-6
082 ## - DEWEY DECIMAL CLASSIFICATION NUMBER
Classification number Fil. 650.0721 F634 2016
100 ## - MAIN ENTRY--PERSONAL NAME
Personal name Flores, Marivic Francisco.
Relator term author
245 ## - TITLE STATEMENT
Title Methods of research in business education /
Statement of responsibility, etc. Marivic Francisco Flores
260 ## - PUBLICATION, DISTRIBUTION, ETC.
Place of publication, distribution, etc. Manila:
Name of publisher, distributor, etc. Unlimited Books Library Services and Publishing,
Date of publication, distribution, etc. c2016
300 ## - PHYSICAL DESCRIPTION
Extent viii, 232p.
504 ## - BIBLIOGRAPHY, ETC. NOTE
Bibliography, etc. note Includes bibliographies
541 ## - IMMEDIATE SOURCE OF ACQUISITION NOTE
Accession number 6038
650 ## - SUBJECT ADDED ENTRY--TOPICAL TERM
Topical term or geographic name entry element Business education - Research - Methodology

No items available.